Представление документа в формате RUSMARC

ПолеНазваниеЗначение
  Тип записи a
  Библиографический уровень m
001 Контрольный номер RU/SLIB/B/208735862
005 Дата корректировки 20241128101620.9
010 Индекс ISBN __
d Цена 2-20
100 Данные общей обработки __
a Данные общей обработки 20241128d1988 m y0rusy028902 ca
101 Язык документа 0_
a Язык текста rus
102 Страна публикации __
a Страна публикации RU
105 Кодированные данные (монография) __
a Кодированные данные (монография) a z 000yy
181 Поле кодированных данных: вид содержания _0
a Код вида содержания (ISBD) i
182 Поле кодированных данных: тип средства _0
a Код типа средства (ISBD) n
200 Заглавие и сведения об ответственности 0_
a Заглавие Первые шаги
e Сведения, относящиеся к заглавию записки кардиохирурга : очерки и размышления
f Первые сведения об ответственности В. И. Бураковский
b Общее обозначение материала Текст
210 Выходные данные 1_
a Место издания М.
c Издательство Знание
d Дата издания 1988
215 Физическое описание __
a Объем 240 с.
c Иллюстрации/тип воспроизводства ил.
606 Тематические рубрики __
a Основная рубрика Здравоохранение. Медицинские науки
2 Код системы nlr_sh
606 Тематические рубрики __
a Основная рубрика Хирургия отдельных областей, систем и органов
2 Код системы nlr_sh
610 Ключевые слова 0_
a Ключевые слова кардиохирургия; болезни сердца; грудная хирургия
686 Индексы других классификаций __
a Классификационный индекс 54.573.40; ст57
2 Код системы rubbks
700 Автор _0
a Фамилия Бураковский
b Имя В. И.
4 Код отношения 070
g Полное личное имя Владимир Иванович
801 Источник записи _0
a Страна RU
b Организация Муниципальное бюджетное учреждение культуры "Централизованная библиотечная система" г. Сургут (Центральная городская библиотека им. А. С. Пушкина)
g Правила каталогизации PSBO
801 Источник записи _1
a Страна RU
b Организация Муниципальное бюджетное учреждение культуры "Централизованная библиотечная система" г. Сургут (Центральная городская библиотека им. А. С. Пушкина)
g Правила каталогизации PSBO
852 Данные о местонахождении __
j Шифр хранения 54.573.40
c Каталожный индекс 54.57
i Авторский знак Б 91
p Инвентарный номер 32809
901 Тип документа __
t Тип документа m
a Ответственный КиК/Уланова
901 Тип документа __
a Ответственный СКБР2024
903 Характеристики (МАРС) __
c Наименование библиотеки (МАРС) Муниципальное бюджетное учреждение культуры "Централизованная библиотечная система" г. Сургут (Центральная городская библиотека им. А. С. Пушкина)
990 Данные о заказе (DOS) __
j Количество экземпляров (DOS) 6